| 000 | 00000nam##2200000za#4500 |
| 001 | 9.698169 |
| 003 | CaOODSP |
| 005 | 20210624235816 |
| 007 | cr ||||||||||| |
| 008 | 150407|1998||||xxc|||||o f|0| 0 eng|d |
| 040 | |aCaOODSP|beng |
| 043 | |an-cn--- |
| 086 | 1 |aRH64-101/1999E-PDF |
| 110 | 1 |aCanada.|bHuman Resources Development Canada. |bStrategic Policy. |
| 245 | 10|aStrategic initiatives - formative evaluation of the Institute of Indigenous Government - British Columbia / |h[electronic resource]|c[by] Evaluation and Data Development. |
| 260 | |aOttawa - Ontario : |bHuman Resources Development Canada. |cMarch 1998. |
| 300 | |a134p.|btables |
| 590 | |a13-16-Supp|b2013-07-12 |
| 775 | 08|tInitiatives stratégiques - évaluation formative de L'Institute of Indigenous Government - Colombie-Britannique / |w(CaOODSP)9.642162 |
| 856 | 40|ahttp://publications.gc.ca|qPDF|s443 KB|uhttps://publications.gc.ca/collections/collection_2013/rhdcc-hrsdc/RH64-101-1999-eng.pdf |
| 986 | |aSP-AH088-03-98E |